00514naa a2200181 a 450000100080000000500110000800800410001910000160006024500490007626000090012550000580013465000100019265000150020265300110021765300130022870000200024177300710026112991802003-11-20 2002 bl uuuu u00u1 u #d1 aIWAKIRI, S. aO Pinus na indústria de painéis do Brasil. c2002 aEdição especial. Pinus: uma alternativa de mercado. aPinus aIndústria aBrasil aPainéis1 aSALDANHA, L. K. tRevista da Madeira, Curitibagv. 12, n. 68, p. 136-141, dez. 2002.